000 00698nam a22001817a 4500
003 UA-OsUOA
001 16743
007 ta
008 20040120b un ||||| |||| 00| 0 ukr d
100 _aФіліц В.
942 _cSA
040 _aUA-OsUOA
_cUA-OsUOA
_dUA-OsUOA
245 _aПлатні послуги - не здирництво, а зміцнення бази
_b[Про розвиток та оновлення матер.- техн. бази культ.-дозвіл. комплексів Зарічнен. р-ну]
300 _aС.3
955 _a0
773 0 _w0
_tПолісся
_dсмт. Зарічне
_d2003
_g№39/ 26 верес./
650 7 _aКраєзнавча робота
_2UDC
999 _c302908
_d302908